000 00284nam a22001337a 4500
008 170609b xxu||||| |||| 00| 0 eng d
020 _a9780023880629
041 _aeng
080 _a32
100 _a19
101 _aSHP
245 _aRUSSIAN POLITICS
_cNOGEE,J.L
942 _2udc
_cBK
999 _c16645
_d16645